| 000 | 00435nam a2200169Ia 4500 | ||
|---|---|---|---|
| 008 | 140626s9999 xx 000 0 und d | ||
| 100 | _aHoop, Honey. | ||
| 245 |
_aDiscover Boracay / _cHoney Hoop ... [et al.]. |
||
| 260 | _cc. | ||
| 300 | _a : , page 11 | ||
| 440 | _aYour Guide to Boracay Philippines | ||
| 521 | _aTOU | ||
| 650 | _aIsland description. | ||
| 650 | _aIsland history. | ||
| 650 | _aIsland title. | ||
| 942 | _cSE | ||
| 999 |
_c121119 _d121119 |
||